Disaster planning for library and information services (Record no. 95369)

MARC details
000 -LEADER
fixed length control field 00873cam a2200229 4500
008 - FIXED-LENGTH DATA ELEMENTS--GENERAL INFORMATION
fixed length control field 090401t1995 xxu||||| |||| 00| 0 eng d
020 ## - INTERNATIONAL STANDARD BOOK NUMBER
International Standard Book Number 085142337X
035 ## - SYSTEM CONTROL NUMBER
System control number (Sirsi) u71017
041 0# - LANGUAGE CODE
Language code of text/sound track or separate title eng
050 04 - LIBRARY OF CONGRESS CALL NUMBER
Classification number 025.8 $2 18
100 1# - MAIN ENTRY--PERSONAL NAME
Personal name Ashman, John
245 00 - TITLE STATEMENT
Title Disaster planning for library and information services
260 ## - PUBLICATION, DISTRIBUTION, ETC.
Place of publication, distribution, etc. London
Name of publisher, distributor, etc. ASLIB
Date of publication, distribution, etc. 1995
300 ## - PHYSICAL DESCRIPTION
Extent 51p.
Dimensions 24cm.
350 ## - PRICE (NR) (BK AM CF MU VM SE) [OBSOLETE]
Price 10
490 #0 - SERIES STATEMENT
Series statement Aslib Know How Guide
505 2# - FORMATTED CONTENTS NOTE
Formatted contents note Introduction -- Disaster prevention -- Disaster preparedness -- Salvaging water-damaged library materials -- Conservation -- Annotated further reading
520 ## - SUMMARY, ETC.
Summary, etc. Advises on how to prevent and prepare for loss of information resources from flooding, and how to salvage materials in the event of a flood.
690 ## - LOCAL SUBJECT ADDED ENTRY--TOPICAL TERM (OCLC, RLIN)
Topical term or geographic name as entry element MANAGEMENT-BUSINESS MANAGEMENT-INFORMATION MANAGEMENT
942 ## - ADDED ENTRY ELEMENTS (KOHA)
Suppress in OPAC 0
948 ## - LOCAL PROCESSING INFORMATION (OCLC); SERIES PART DESIGNATOR (RLIN)
c (OCLC) 04/03/1997
Holdings
Withdrawn status Lost status Source of classification or shelving scheme Damaged status Not for loan Home library Current library Shelving location Date acquired Cost, normal purchase price Total Checkouts Full call number Barcode Date last seen Date last checked out Copy number Cost, replacement price Price effective from Koha item type
    Dewey Decimal Classification     London London Books 14/09/1999 10.00 13 025.8 ASH 30053826 06/08/2019 14/11/2003 1 10.00 06/08/2019 Book